| 000 | 03905cam a22006494i 4500 | ||
|---|---|---|---|
| 003 | PE-LiUPU | ||
| 005 | 20250731180138.0 | ||
| 008 | 150616s r 000 0 d | ||
| 020 | _a9684220634 | ||
| 035 | _a(Sirsi) i9789684220638 | ||
| 040 |
_aPE-LiUPU _bspa _cPE-LiUPU _erda |
||
| 049 | _aPRUA | ||
| 082 | 0 | 4 |
_a574 _bS47 _221 |
| 100 | 1 |
_aSherman, Irwin W., _eautor. |
|
| 245 | 1 | 0 |
_aBiología : _bperspectiva humana / _cIrwin W. Sherman, Vilia G. Sherman ; tr. Maria de Lourdes Guerena ; rev. tec. Hilda Cecilia Tortajada Quiroz, William Rodriguez. |
| 264 | 1 |
_aMéxico D.F. : _bMcGrawn-Hill Book Company, _c1983. |
|
| 300 |
_a704 páginas : _bilustraciones ; _c27 centímetros |
||
| 336 |
_atext _2rdacontent |
||
| 337 |
_aunmediated _2rdamedia |
||
| 338 |
_avolume _2rdacarrier |
||
| 505 | 0 | _aLa célula: -Génesis -- Estructura de la célula -- Moléculas y células -- Recolección de energía química -- Transformación de la energía luminosa -- Comunicación entre las generaciones de células -- Comunicación entre las generaciones de células -- Mecanismos de duplicación y control -- Cancer. El organismo humano: -Perpetuación de la vida -- la digestión -- El sistema circulatorio -- Sangre e inmunidad -- La respiración -- El riñón -- Hormonas -- Los nervios -- Organos de los sentidos -- Conducta animal y conducta humana -- Esqueleto y músculos -- Regulación homeostática. La población humana: -Herencia humana -- Introducción a la evolución -- Evolución humana. El hombre y el mundo natural: -Reino animal -- El mundo de los vegetales con flores -- El hombre y el medio ambiente. | |
| 526 | _aSEG44 | ||
| 526 | _aSEG26 | ||
| 526 | _aP159 | ||
| 526 | _aP155 | ||
| 526 | _aP154 | ||
| 526 | _aP153 | ||
| 526 | _aP150 | ||
| 526 | _aP100 | ||
| 526 | _aP31 | ||
| 526 | _aP30 | ||
| 526 | _aP26 | ||
| 526 | _aP25 | ||
| 526 | _aP24 | ||
| 526 | _aP22 | ||
| 526 | _aP15 | ||
| 526 | _aP10 | ||
| 650 | 0 | 4 | _aBiología humana. |
| 700 | 1 |
_aGuereña, Maria de Lourdes, _etraductor. |
|
| 700 | 1 |
_aSherman, Vilia G., _eautor. |
|
| 700 | 1 |
_aTortajada Quiroz, Hilda, _eeditor. |
|
| 910 |
_ajck _bjvq _cjck |
||
| 942 |
_2ddc _cBOOK |
||
| 949 |
_a574 S47 _wDEWEY _c1 _i35292 _lCCODEBUL1 _mBUL _r0 _sY _tBOOK _u2015-6-16 _xEDUCACION _PP20 _0COMPRA _o.STAFF. Colección General |
||
| 949 |
_a611.018 S47 1987 _wDEWEY _c1 _iFJ09081 _lCCODEBUJ1 _mBUJ _p25.00 _r0 _sY _tBOOK _u2017-09-11 _xSALUD _PP22 _0COMPRA _o.STAFF -- Colección General Juliaca |
||
| 949 |
_a611.018 S47 1987 _wDEWEY _c1 _iFJ06298 _lCCODEBUJ1 _mBUJ _p25.00 _r0 _sY _tBOOK _u2017-11-10 _xSALUD _PP22 _0COMPRA _o.STAFF -- Colección General Juliaca |
||
| 949 |
_a611.018 S47 1987 _wDEWEY _c2 _iFJ06299 _lCCODEBUJ1 _mBUJ _p25.00 _r0 _sY _tBOOK _u2017-11-10 _xSALUD _PP22 _0COMPRA _o.STAFF -- Colección General Juliaca |
||
| 949 |
_a611.018 S47 1987 _wDEWEY _c3 _iFJ06300 _lCCODEBUJ1 _mBUJ _p25.00 _r0 _sY _tBOOK _u2017-11-10 _xSALUD _PP22 _0COMPRA _o.STAFF -- Colección General Juliaca |
||
| 994 |
_aC0 _bPEPRU |
||
| 596 | _a1 3 | ||
| 999 |
_a574 S47 _wDEWEY _c48646 _i35292 _d48646 _e2019-6-10 _f2021-11-5 _g5 _lCCODEBUL1 _mBUL _n2 _r0 _sN _tBOOK _u2015-6-16 _xBIBLIOTECA _PP20 _0COMPRA _o.STAFF. Colección General |
||
| 999 |
_a611.018 S47 1987 _wDEWEY _c1 _iFJ06298 _d2019-4-3 _e2018-4-16 _f2022-1-25 _g4 _lCCODEBUJ1 _mBUJ _n1 _p25.00 _q2 _r0 _sY _tBOOK _u2017-1-31 _xBIBLIOTECA _zUNKNOWN _0COMPRA _o.STAFF. Colección General Juliaca |
||
| 999 |
_a611.018 S47 1987 _wDEWEY _c2 _iFJ06299 _f2022-1-25 _g4 _lCCODEBUJ1 _mBUJ _p25.00 _r0 _sY _tBOOK _u2017-1-31 _xBIBLIOTECA _zUNKNOWN _0COMPRA _o.STAFF. Colección General Juliaca |
||
| 999 |
_a611.018 S47 1987 _wDEWEY _c3 _iFJ06300 _d2019-11-13 _e2019-8-11 _f2022-1-25 _g4 _lCCODEBUJ1 _mBUJ _n2 _p25.00 _q6 _r0 _sY _tBOOK _u2017-1-31 _xBIBLIOTECA _zUNKNOWN _0COMPRA _o.STAFF. Colección General Juliaca |
||
| 980 |
_81 _gALBERTO SANCHEZ Responsable de Automatización |
||